[Event "34th European Club Cup 2018"]
[Site "Halkidiki"]
[Date "2018.10.16"]
[Round "5"]
[White "Fattebene, Pierre"]
[Black "Noer, Martin Stampe"]
[Result "1-0"]
[WhiteElo "1836"]
[BlackElo "1863"]
[Annotator "NA RC"]
[PlyCount "149"]
[EventDate "2018.10.12"]
[EventType "team-tourn"]
[EventCountry "GRE"]
[SourceTitle "playchess.com"]
[Source "ChessBase"]
[SourceQuality "1"]
[WhiteTeam "Dudelange"]
[BlackTeam "Nordkalotten"]

1. Nf3 d5 2. g3 Nf6 3. Bg2 c6 4. O-O Bg4 5. h3 Bf5 6. d3 Nbd7 7. Nh4 Bg6 8. Nxg6 hxg6 9. e4 dxe4 10. dxe4 Qb6 11. c4 e6 12. Nc3 Rd8 13. Qc2 Ne5 14. Be3 Qa6 15. b3 Bb4 16. Rfd1 O-O 17. f4 Qa5 18. fxe5 Bxc3 19. exf6 Bxa1 20. Rxa1 Qe5 21. Rf1 gxf6 22. Kh2 Rd7 23. Bf4 Qd4 24. Qf2 Qxf2 25. Rxf2 Rfd8 26. c5 e5 27. Be3 Rd3 28. Re2 Rd1 29. g4 Kg7 30. Kg3 R1d3 31. Kf2 Rd1 32. Rc2 Ra1 33. Bf3 Rd7 34. Bd2 Rd3 35. Ke2 Rd7 36. h4 Rd8 37. h5 Rg1 38. Ke3 Rd7 39. Bc3 Rd8 40. Rd2 Rxd2 41. Kxd2 Rf1 42. Be2 Rg1 43. a4 Rg3 44. b4 a6 45. Bd1 Rg2+ 46. Kc1 Rf2 47. Bd2 Rg2 48. Kc2 Rg3 49. Be2 Rg2 50. Kd3 Rg1 51. Bc3 Rg3+ 52. Kd2 Rg1 53. Bb2 Rg3 54. Bc3 Rg1 55. Ke3 Rg3+ 56. Bf3 Rg1 57. Ke2 Rc1 58. Bd2 Ra1 59. a5 Ra2 60. hxg6 Kxg6 61. g5 f5 62. exf5+ Kxf5 63. Bh5 Ke6 64. Bg4+ Kd5 65. Bc8 Kd4 66. Bxb7 e4 67. Kd1 e3 68. Bc1 Kc3 69. Bxe3 Kxb4 70. Bxa6 Kxa5 71. Bc4 Ra1+ 72. Ke2 Kb4 73. Bxf7 Ra8 74. g6 Rf8 75. Bh6 1-0

[Event "34th European Club Cup 2018"]
[Site "Halkidiki"]
[Date "2018.10.16"]
[Round "5"]
[White "Karavitaki, Evaggelia"]
[Black "Van Diermen, Arie"]
[Result "1/2-1/2"]
[WhiteElo "1828"]
[BlackElo "1931"]
[Annotator "NA RC"]
[PlyCount "76"]
[EventDate "2018.10.12"]
[EventType "team-tourn"]
[EventCountry "GRE"]
[SourceTitle "playchess.com"]
[Source "ChessBase"]
[SourceQuality "1"]
[WhiteTeam "Chania CA"]
[BlackTeam "En Passant"]

1. e4 g6 2. d4 d6 3. Nc3 Bg7 4. f4 Nf6 5. Nf3 O-O 6. Bd3 Nc6 7. O-O Bg4 8. e5 dxe5 9. dxe5 Nd5 10. h3 Bxf3 11. Qxf3 Nxc3 12. bxc3 Qd7 13. Be3 Rfd8 14. Rab1 Rab8 15. Be4 Qe6 16. Rb2 f5 17. Bd3 b6 18. Qe2 Na5 19. a4 c5 20. Qf3 c4 21. Be2 Qc8 22. Rbb1 e6 23. Rfd1 Qc7 24. Bf1 Bf8 25. Qe2 Qc6 26. Ra1 Rd7 27. Rxd7 Qxd7 28. Qd1 Qc7 29. Qe2 Qc6 30. g3 Rd8 31. Bg2 Qd7 32. Bf3 Kf7 33. Rd1 Qxd1+ 34. Qxd1 Rxd1+ 35. Bxd1 Nb7 36. Bf3 Bc5 37. Bxb7 Bxe3+ 38. Kf1 Bd2 1/2-1/2

[Event "34th European Club Cup 2018"]
[Site "Halkidiki"]
[Date "2018.10.16"]
[Round "5"]
[White "Higgins, Kenneth"]
[Black "Pelantakis, Mihail"]
[Result "0-1"]
[WhiteElo "1823"]
[BlackElo "1782"]
[Annotator "NA RC"]
[PlyCount "86"]
[EventDate "2018.10.12"]
[EventType "team-tourn"]
[EventCountry "GRE"]
[SourceTitle "playchess.com"]
[Source "ChessBase"]
[SourceQuality "1"]
[WhiteTeam "Ballinasloe"]
[BlackTeam "Chania CC"]

1. e4 e6 2. Nc3 d5 3. exd5 exd5 4. d4 Nf6 5. Bg5 Be6 6. Bd3 c5 7. Bb5+ Nc6 8. Nge2 a6 9. Ba4 b5 10. Nxb5 axb5 11. Bxb5 Qb6 12. a4 Ne4 13. Be3 c4 14. O-O Bd6 15. Bxc4 dxc4 16. d5 Qc7 17. dxe6 fxe6 18. Ng3 Nf6 19. Re1 O-O 20. Bb6 Qb8 21. Rxe6 Bxg3 22. Rxc6 Bxh2+ 23. Kh1 Be5 24. Qe2 Qe8 25. Qxc4+ Kh8 26. g3 Qh5+ 27. Kg2 Bxb2 28. Rh1 Qd5+ 29. f3 Qd2+ 30. Bf2 Rae8 31. c3 Re2 32. Qc5 Rfe8 33. Rf1 Nd5 34. Kg1 Ne3 35. Rd6 Qc2 36. Re6 Nxf1 37. Rxe8+ Rxe8 38. Kxf1 Bxc3 39. a5 Qe2+ 40. Kg2 Be1 41. Qc6 Qxf2+ 42. Kh1 Qf1+ 43. Kh2 Re2# 0-1

[Event "34th European Club Cup 2018"]
[Site "Halkidiki"]
[Date "2018.10.16"]
[Round "5"]
[White "Densing, Gerd"]
[Black "Krasniqi, Avni"]
[Result "0-1"]
[WhiteElo "1776"]
[BlackElo "1821"]
[Annotator "NA RC"]
[PlyCount "100"]
[EventDate "2018.10.12"]
[EventType "team-tourn"]
[EventCountry "GRE"]
[SourceTitle "playchess.com"]
[Source "ChessBase"]
[SourceQuality "1"]
[WhiteTeam "Echternach"]
[BlackTeam "Dardania"]

1. d4 d5 2. Nf3 Bf5 3. e3 Nf6 4. c4 e6 5. Qb3 Qc8 6. Nc3 c6 7. c5 Nbd7 8. Nh4 Bg6 9. Nxg6 hxg6 10. Be2 Be7 11. O-O Qc7 12. f4 g5 13. Qc2 gxf4 14. exf4 b6 15. b4 a5 16. bxa5 bxc5 17. Bd2 cxd4 18. Na4 Ne4 19. Be1 c5 20. Bb5 O-O 21. Bxd7 Qxd7 22. Nb6 Qa7 23. Nxa8 Qxa8 24. f5 e5 25. Rf3 Ng5 26. Rb3 c4 27. Rb5 Ne4 28. Rab1 Rc8 29. Qa4 c3 30. Qc2 Qa7 31. Kh1 Qd7 32. g4 Bc5 33. Rb7 Qc6 34. Rb8 Nd6 35. Rxc8+ Nxc8 36. Bg3 e4 37. h4 Bd6 38. Bxd6 Qxd6 39. Qa4 Qc7 40. Qxd4 Qg3 41. Qxd5 Qd3 42. Qb7 Nd6 43. Qa8+ Kh7 44. Rb8 Qh3+ 45. Kg1 Qxg4+ 46. Kf1 Qxf5+ 47. Ke1 e3 48. Rh8+ Kg6 49. h5+ Kf6 50. Kd1 Qd3+ 0-1

[Event "34th European Club Cup 2018"]
[Site "Halkidiki"]
[Date "2018.10.16"]
[Round "5"]
[White "Egan, Colm"]
[Black "Buonanno, Massimo"]
[Result "0-1"]
[WhiteElo "1729"]
[BlackElo "1911"]
[Annotator "NA RC"]
[PlyCount "68"]
[EventDate "2018.10.12"]
[EventType "team-tourn"]
[EventCountry "GRE"]
[SourceTitle "playchess.com"]
[Source "ChessBase"]
[SourceQuality "1"]
[WhiteTeam "Dublin"]
[BlackTeam "Lazio ASD"]

1. d4 Nf6 2. Bf4 c5 3. e3 Qb6 4. Nc3 cxd4 5. exd4 e6 6. Nb5 Nd5 7. Bg3 a6 8. Nc3 Bb4 9. Nge2 Qa5 10. Qd3 b5 11. f3 Bb7 12. Kf2 O-O 13. Nxd5 Bxd5 14. c3 Be7 15. Nf4 Bb7 16. h4 Qb6 17. Re1 Nc6 18. Nh3 b4 19. Ng5 f5 20. Bf4 a5 21. g3 Rac8 22. Be3 Qc7 23. c4 e5 24. d5 e4 25. Qb3 Ne5 26. d6 Qxd6 27. Rd1 Qc7 28. Bf4 Bc5+ 29. Kg2 exf3+ 30. Kh3 Rce8 31. Bxe5 Rxe5 32. Qd3 f2 33. Rh2 Re3 34. Qd2 Qxg3# 0-1

[Event "34th European Club Cup 2018"]
[Site "Halkidiki"]
[Date "2018.10.16"]
[Round "5"]
[White "Tzagarakis, Panagiotis"]
[Black "Barrett, Conor"]
[Result "1-0"]
[WhiteElo "1724"]
[BlackElo "1643"]
[Annotator "NA RC"]
[PlyCount "37"]
[EventDate "2018.10.12"]
[EventType "team-tourn"]
[EventCountry "GRE"]
[SourceTitle "playchess.com"]
[Source "ChessBase"]
[SourceQuality "1"]
[WhiteTeam "Chania CC"]
[BlackTeam "Ballinasloe"]

1. e4 e5 2. Nf3 Nc6 3. Bc4 Bc5 4. c3 Nf6 5. d3 h6 6. h3 d6 7. Bb3 O-O 8. Nbd2 Bd7 9. Nf1 a6 10. Qe2 b5 11. g4 Be6 12. g5 hxg5 13. Bxg5 Nb8 14. Ng3 Nbd7 15. Nh4 Qe8 16. Ngf5 Nh7 17. Ne7+ Kh8 18. Bxe6 fxe6 19. Nhg6+ 1-0

[Event "34th European Club Cup 2018"]
[Site "Halkidiki"]
[Date "2018.10.16"]
[Round "5"]
[White "Scharapow, Yvan"]
[Black "Golubov, Saveliy"]
[Result "0-1"]
[WhiteElo "1698"]
[BlackElo "2476"]
[Annotator "TA"]
[PlyCount "82"]
[EventDate "2018.10.12"]
[EventType "team-tourn"]
[EventCountry "GRE"]
[SourceTitle "playchess.com"]
[Source "ChessBase"]
[SourceQuality "1"]
[WhiteTeam "Echiquier Amaytois"]
[BlackTeam "Molodezhka"]

1. c4 c5 2. Nc3 b6 3. Nf3 Bb7 4. d4 cxd4 5. Qxd4 Nf6 6. b3 e6 7. Bb2 d6 8. e3 Be7 9. Be2 O-O 10. O-O a6 11. Rac1 Nbd7 12. Qd1 Qc7 13. h3 Rac8 14. Re1 Qb8 15. Bf1 Qa8 16. Ba3 Nc5 17. Qe2 h6 18. Red1 Rfd8 19. Ne1 Ne8 20. Bb2 Bf6 21. Qg4 Nd7 22. Nd3 b5 23. cxb5 axb5 24. Qe2 Nc7 25. Rc2 d5 26. Rdc1 e5 27. Ba1 d4 28. Nd1 Ne8 29. exd4 Rxc2 30. Rxc2 exd4 31. Rc1 Nd6 32. f3 Nf5 33. Qd2 Bg5 34. f4 Be7 35. b4 Nf6 36. N1f2 Ne3 37. Ng4 Ne4 38. Qe1 Nxf1 39. Kxf1 Qxa2 40. Bb2 Qd5 41. Nh2 Nc5 0-1

[Event "34th European Club Cup 2018"]
[Site "Halkidiki"]
[Date "2018.10.16"]
[Round "5"]
[White "Lalouette, Herve"]
[Black "Hill, Alistair"]
[Result "0-1"]
[WhiteElo "1681"]
[BlackElo "2203"]
[Annotator "TA"]
[PlyCount "87"]
[EventDate "2018.10.12"]
[EventType "team-tourn"]
[EventCountry "GRE"]
[SourceTitle "playchess.com"]
[Source "ChessBase"]
[SourceQuality "1"]
[WhiteTeam "Bois-Colombes"]
[BlackTeam "Wood Green"]

1. e4 c5 2. Nf3 Nc6 3. d4 cxd4 4. Nxd4 Nf6 5. Nc3 e5 6. Ndb5 d6 7. Nd5 Nxd5 8. exd5 Nb8 9. c4 Be7 10. Be3 a6 11. Nc3 O-O 12. Bd3 f5 13. f3 Bg5 14. Bf2 Qf6 15. O-O Qh6 16. Qe2 Nd7 17. b4 Bd2 18. Be1 Bxe1 19. Rfxe1 b6 20. Rec1 Qf6 21. Nd1 g6 22. Nf2 a5 23. b5 Nc5 24. Qc2 Bd7 25. Bf1 Rae8 26. Nd3 Nxd3 27. Bxd3 e4 28. Be2 Qd4+ 29. Kf1 exf3 30. Bxf3 Re3 31. Re1 Rfe8 32. Rad1 Rxe1+ 33. Rxe1 Rxe1+ 34. Kxe1 Qg1+ 35. Ke2 Qxh2 36. Qc3 Kf7 37. Qd4 Qe5+ 38. Qxe5 dxe5 39. g3 e4 40. Bg2 Ke7 41. Ke3 Kd6 42. g4 Ke5 43. gxf5 gxf5 44. Bh3 0-1

[Event "34th European Club Cup 2018"]
[Site "Halkidiki"]
[Date "2018.10.16"]
[Round "5"]
[White "Dunne, John P."]
[Black "Fyntrilakis, Kyriakos"]
[Result "0-1"]
[WhiteElo "1481"]
[BlackElo "1746"]
[Annotator "NA RC"]
[PlyCount "58"]
[EventDate "2018.10.12"]
[EventType "team-tourn"]
[EventCountry "GRE"]
[SourceTitle "playchess.com"]
[Source "ChessBase"]
[SourceQuality "1"]
[WhiteTeam "Ballinasloe"]
[BlackTeam "Chania CC"]

1. d4 Nf6 2. Nf3 e6 3. Bf4 c5 4. c3 d5 5. h3 Nc6 6. e3 Bd6 7. Bxd6 Qxd6 8. Bb5 O-O 9. Nbd2 Ne7 10. Ne5 a6 11. Bd3 b6 12. Ndf3 Ne4 13. dxc5 Qxc5 14. h4 f6 15. Ng4 e5 16. Ngh2 Nxc3 17. Bxh7+ Kxh7 18. bxc3 Qxc3+ 19. Nd2 Qd3 20. Rc1 d4 21. e4 Ra7 22. Rb1 Be6 23. Ng4 Ng6 24. Rh3 Bxg4 25. Qxg4 Qc2 26. Qh5+ Kg8 27. Qxg6 Rc7 28. Rg3 d3 29. h5 Qc1+ 0-1

[Event "34th European Club Cup 2018"]
[Site "Halkidiki"]
[Date "2018.10.17"]
[Round "6"]
[White "Carlsen, Magnus"]
[Black "Ding, Liren"]
[Result "1/2-1/2"]
[WhiteElo "2839"]
[BlackElo "2804"]
[Annotator "TA"]
[PlyCount "114"]
[EventDate "2018.10.12"]
[EventType "team-tourn"]
[EventCountry "GRE"]
[SourceTitle "playchess.com"]
[Source "ChessBase"]
[SourceQuality "1"]
[WhiteTeam "Valerenga"]
[BlackTeam "Alkaloid"]

1. e4 e5 2. Nf3 Nc6 3. Nc3 Nf6 4. d4 exd4 5. Nxd4 Bb4 6. Nxc6 bxc6 7. Bd3 d5 8. exd5 O-O 9. O-O cxd5 10. Bg5 c6 11. Qf3 Bd6 12. h3 h6 13. Bf4 Rb8 14. b3 Rb4 15. Bxd6 Qxd6 16. Rfe1 a5 17. Rad1 Bd7 18. Qe3 Rc8 19. Qa7 Rh4 20. Re3 Qc7 21. Qxc7 Rxc7 22. Na4 c5 23. g4 d4 24. Rf3 Nxg4 25. Re1 Nf6 26. Nb6 Bc6 27. Rg3 g5 28. Re5 Nh5 29. Bf5 Rf4 30. Rg4 Bf3 31. Rxf4 Nxf4 32. Nd7 c4 33. bxc4 Rxc4 34. Rxa5 Rb4 35. Kh2 Rb1 36. Ne5 Rh1+ 37. Kg3 Bd5 38. f3 Re1 39. Nd3 Rg1+ 40. Kf2 Rg2+ 41. Ke1 Re2+ 42. Kf1 Bc4 43. Kg1 Rg2+ 44. Kh1 Bxd3 45. Bxd3 Rg3 46. h4 Rh3+ 47. Kg1 Rxh4 48. Bf1 Kg7 49. a4 Ng6 50. Rc5 d3 51. a5 dxc2 52. Rxc2 Ra4 53. a6 h5 54. Rc5 Kf6 55. Rc6+ Kg7 56. Rc5 Kf6 57. Rc6+ Ke5 1/2-1/2

[Event "34th European Club Cup 2018"]
[Site "Halkidiki"]
[Date "2018.10.17"]
[Round "6"]
[White "Yu, Yangyi"]
[Black "Howell, David W L"]
[Result "1/2-1/2"]
[WhiteElo "2765"]
[BlackElo "2689"]
[Annotator "TA"]
[PlyCount "180"]
[EventDate "2018.10.12"]
[EventType "team-tourn"]
[EventCountry "GRE"]
[SourceTitle "playchess.com"]
[Source "ChessBase"]
[SourceQuality "1"]
[WhiteTeam "Alkaloid"]
[BlackTeam "Valerenga"]

1. d4 Nf6 2. c4 e6 3. g3 d5 4. Bg2 Be7 5. Nf3 O-O 6. O-O dxc4 7. Qc2 a6 8. a4 Bd7 9. Qxc4 Bc6 10. Bg5 Bd5 11. Qc2 Be4 12. Qc1 h6 13. Bxf6 Bxf6 14. Rd1 a5 15. Nbd2 Bxf3 16. Bxf3 c6 17. e3 Na6 18. Nc4 Nb4 19. Qd2 Qc7 20. h4 Rfd8 21. Qe2 g6 22. Be4 Kg7 23. h5 g5 24. Qf3 Rd7 25. Rac1 Na2 26. Rc2 Rad8 27. Rcd2 Nb4 28. Ne5 Rd6 29. Ng4 Qe7 30. Bb1 b6 31. Kg2 R6d7 32. Kh2 Rd6 33. Kh3 R6d7 34. Qe4 Rh8 35. f4 Rd5 36. Qf3 gxf4 37. e4 Rxh5+ 38. Kg2 fxg3 39. Nxf6 Rh2+ 40. Kg1 Rxd2 41. Nh5+ Kf8 42. Rxd2 Qg5 43. Re2 Ke7 44. Nxg3 Rd8 45. Rf2 Qg7 46. Kf1 Rxd4 47. Nh5 Qg5 48. Qxf7+ Kd6 49. Qf8+ Kc7 50. Rf7+ Rd7 51. Rxd7+ Kxd7 52. Nf6+ Kc7 53. Qe7+ Kb8 54. Nd7+ Kc7 55. Qxg5 hxg5 56. Ne5 b5 57. Ke2 bxa4 58. Ke3 Kb6 59. Kd4 Kb5 60. Ng4 c5+ 61. Kc3 c4 62. Ne5 Kc5 63. Kd2 Na6 64. Bc2 Nb4 65. Bxa4 Kd4 66. Nf3+ Kxe4 67. Nxg5+ Kd5 68. Bd7 e5 69. Be6+ Kc5 70. Ne4+ Kd4 71. Nc3 Nd3 72. Ne2+ Kc5 73. Kc3 Nf2 74. Ng3 Nd1+ 75. Kc2 Nf2 76. Nf5 e4 77. Ne3 Kd4 78. Nxc4 e3 79. Nxa5 e2 80. Kd2 Nd3 81. Kxe2 Nf4+ 82. Kd2 Nxe6 83. Kc2 Nc7 84. Kb3 Nd5 85. Nb7 Kd3 86. Nc5+ Kd4 87. Na4 Kd3 88. Nc5+ Kd4 89. Na6 Nb6 90. Nb4 Nc4 1/2-1/2

[Event "34th European Club Cup 2018"]
[Site "Halkidiki"]
[Date "2018.10.17"]
[Round "6"]
[White "Jakovenko, Dmitry"]
[Black "Tari, Aryan"]
[Result "1/2-1/2"]
[WhiteElo "2752"]
[BlackElo "2618"]
[Annotator "TA"]
[PlyCount "61"]
[EventDate "2018.10.12"]
[EventType "team-tourn"]
[EventCountry "GRE"]
[SourceTitle "playchess.com"]
[Source "ChessBase"]
[SourceQuality "1"]
[WhiteTeam "Alkaloid"]
[BlackTeam "Valerenga"]

1. e4 c6 2. d4 d5 3. e5 Bf5 4. Nf3 e6 5. Be2 Ne7 6. c3 Nd7 7. O-O c5 8. dxc5 Nxc5 9. Be3 Nc6 10. Nd4 Bg6 11. c4 dxc4 12. Nxc6 bxc6 13. Nd2 c3 14. bxc3 Be7 15. Nb3 Nd7 16. f4 O-O 17. Bf3 Rc8 18. a4 c5 19. c4 Qc7 20. Qe1 Bd3 21. Be2 Bxe2 22. Qxe2 Nb8 23. Rfd1 Rfd8 24. Rxd8+ Qxd8 25. Qd1 Qc7 26. Ra2 h6 27. h3 Qb7 28. Nd2 Nc6 29. Qf3 Qa6 30. Qe4 Rb8 31. Kh2 1/2-1/2

[Event "34th European Club Cup 2018"]
[Site "Halkidiki"]
[Date "2018.10.17"]
[Round "6"]
[White "Navara, David"]
[Black "Vallejo Pons, Francisco"]
[Result "1-0"]
[WhiteElo "2740"]
[BlackElo "2713"]
[Annotator "TA"]
[PlyCount "79"]
[EventDate "2018.10.12"]
[EventType "team-tourn"]
[EventCountry "GRE"]
[SourceTitle "playchess.com"]
[Source "ChessBase"]
[SourceQuality "1"]
[WhiteTeam "Novy Bor"]
[BlackTeam "Padova"]

1. d4 d5 2. c4 e6 3. Nc3 a6 4. cxd5 exd5 5. Bf4 c6 6. e3 Bd6 7. Bxd6 Qxd6 8. Bd3 Ne7 9. Qc2 g6 10. h4 Bf5 11. Bxf5 Nxf5 12. h5 Rf8 13. g4 Ne7 14. Qb3 Qc7 15. Rc1 Nd7 16. hxg6 hxg6 17. Nxd5 Nxd5 18. Qxd5 O-O-O 19. Qb3 Nf6 20. Nf3 Nxg4 21. Ke2 Rfe8 22. Rh4 f5 23. Rch1 Re7 24. Rh8 Kb8 25. Ng5 Ka7 26. Qb4 Nf6 27. Qc5+ b6 28. Qc4 Rxh8 29. Rxh8 Nd5 30. Nf3 Kb7 31. Ne5 Re6 32. b4 Qe7 33. a3 g5 34. Nxc6 Nf4+ 35. Kd2 Rxc6 36. Qg8 a5 37. b5 Rc2+ 38. Kxc2 Qe4+ 39. Kb2 Nd3+ 40. Kc3 1-0

[Event "34th European Club Cup 2018"]
[Site "Halkidiki"]
[Date "2018.10.17"]
[Round "6"]
[White "Naiditsch, Arkadij"]
[Black "Nemeth, Miklos"]
[Result "1-0"]
[WhiteElo "2721"]
[BlackElo "2474"]
[Annotator "TA"]
[PlyCount "135"]
[EventDate "2018.10.12"]
[EventType "team-tourn"]
[EventCountry "GRE"]
[SourceTitle "playchess.com"]
[Source "ChessBase"]
[SourceQuality "1"]
[WhiteTeam "Odlar Yurdu"]
[BlackTeam "Dunajska Streda"]

1. d4 Nf6 2. c4 e6 3. g3 Bb4+ 4. Bd2 a5 5. Bg2 O-O 6. Nf3 b6 7. Ne5 Ra7 8. O-O d6 9. Nd3 Bxd2 10. Qxd2 c5 11. Na3 Bb7 12. Nf4 Bxg2 13. Nxg2 Nc6 14. d5 exd5 15. cxd5 Nd4 16. f3 b5 17. e3 b4 18. Nc4 Nb5 19. a4 Nc7 20. e4 Na8 21. Qf4 Ra6 22. g4 Ne8 23. Nge3 Nb6 24. Nxb6 Qxb6 25. Nc4 Qd8 26. Rad1 Nf6 27. Qg3 Qb8 28. b3 Nd7 29. Rc1 Re8 30. g5 Ne5 31. Nb2 Ra7 32. f4 Nd7 33. Rfe1 Nb6 34. Qd3 Rae7 35. Re3 Qc8 36. Kh1 Rf8 37. Rg1 f5 38. gxf6 Rxf6 39. f5 Qe8 40. Reg3 Rff7 41. Qd2 c4 42. Qd4 Rb7 43. Nxc4 Nxc4 44. Qxc4 Rbe7 45. Rg4 Re5 46. Qc2 Kh8 47. Qg2 Qe7 48. Qf3 Qf6 49. Qh3 Re8 50. Qh5 Kg8 51. Rxg7+ Qxg7 52. Rxg7+ Kxg7 53. Qg5+ Kh8 54. Qf4 Rf6 55. Kg2 Kg7 56. Qg5+ Kf7 57. Qh5+ Kf8 58. Kf3 h6 59. Qh4 Kg7 60. Qf2 Rc8 61. Qg1+ Kf8 62. Qb6 Rc3+ 63. Kg4 Kg7 64. Qxa5 Rxb3 65. Qc7+ Kf8 66. e5 dxe5 67. d6 Rd3 68. Qe7+ 1-0

[Event "34th European Club Cup 2018"]
[Site "Halkidiki"]
[Date "2018.10.17"]
[Round "6"]
[White "Vitiugov, Nikita"]
[Black "Salomon, Johan"]
[Result "1-0"]
[WhiteElo "2709"]
[BlackElo "2477"]
[Annotator "TA"]
[PlyCount "111"]
[EventDate "2018.10.12"]
[EventType "team-tourn"]
[EventCountry "GRE"]
[SourceTitle "playchess.com"]
[Source "ChessBase"]
[SourceQuality "1"]
[WhiteTeam "St.Petersburg"]
[BlackTeam "Nordstrand"]

1. d4 Nf6 2. c4 e6 3. g3 d5 4. Bg2 Bb4+ 5. Nd2 O-O 6. Ngf3 b6 7. O-O a5 8. Ne5 Bb7 9. Ndf3 dxc4 10. Nxc4 Nbd7 11. Bf4 Qb8 12. Rc1 Rc8 13. Nce5 Nxe5 14. Nxe5 Bxg2 15. Kxg2 Qb7+ 16. Kg1 Bf8 17. Nc6 Nd5 18. Qd3 b5 19. Bd2 Ra6 20. Nxa5 Qa8 21. Nb3 Rxa2 22. Ra1 Rxa1 23. Rxa1 Qb7 24. Rc1 c6 25. h4 h6 26. Qc2 Qd7 27. Nc5 Qa7 28. Kg2 Nf6 29. f3 Nd7 30. Nb3 Nb6 31. Ra1 Qd7 32. Be1 Na4 33. Bf2 h5 34. Rc1 Qd8 35. Nd2 Nb6 36. Ne4 Be7 37. Nc5 Nd7 38. Nd3 Bd6 39. e4 Bf8 40. Qc3 Be7 41. Nf4 g6 42. Nd3 Qf8 43. Qa5 Qe8 44. Qa6 Nb8 45. Qa7 Qd7 46. Ra1 Qe8 47. Qb7 Bd6 48. Ra8 Rd8 49. Be3 Qe7 50. Qxe7 Bxe7 51. Ne5 Kg7 52. Bh6+ Kg8 53. Bf4 Kg7 54. Bh6+ Kg8 55. Ra7 Re8 56. Rb7 1-0

[Event "34th European Club Cup 2018"]
[Site "Halkidiki"]
[Date "2018.10.17"]
[Round "6"]
[White "Kryvoruchko, Yuriy"]
[Black "Romanov, Evgeny"]
[Result "1/2-1/2"]
[WhiteElo "2697"]
[BlackElo "2614"]
[Annotator "TA"]
[PlyCount "74"]
[EventDate "2018.10.12"]
[EventType "team-tourn"]
[EventCountry "GRE"]
[SourceTitle "playchess.com"]
[Source "ChessBase"]
[SourceQuality "1"]
[WhiteTeam "Alkaloid"]
[BlackTeam "Valerenga"]

1. e4 c5 2. Nf3 a6 3. c4 e6 4. d4 cxd4 5. Nxd4 b6 6. Nc3 Bb7 7. Bd3 d6 8. f4 Nf6 9. O-O Be7 10. Be3 Nbd7 11. b4 O-O 12. a3 Rc8 13. Rc1 Re8 14. g4 e5 15. Nf5 exf4 16. Bxf4 Bf8 17. Bxd6 Ne5 18. Bxf8 Rxf8 19. Be2 Nxe4 20. Nd5 Bxd5 21. Qxd5 Qxd5 22. cxd5 Rxc1 23. Rxc1 g6 24. Ne7+ Kg7 25. Nc6 Re8 26. Bxa6 Nxg4 27. Re1 f5 28. d6 Nxd6 29. Rxe8 Nxe8 30. a4 Kf6 31. a5 bxa5 32. bxa5 Ne5 33. Bb7 Nxc6 34. Bxc6 Nc7 35. Bb7 g5 36. a6 Nxa6 37. Bxa6 Ke5 1/2-1/2

[Event "34th European Club Cup 2018"]
[Site "Halkidiki"]
[Date "2018.10.17"]
[Round "6"]
[White "Matlakov, Maxim"]
[Black "Haug, Johannes"]
[Result "1-0"]
[WhiteElo "2683"]
[BlackElo "2391"]
[Annotator "TA"]
[PlyCount "61"]
[EventDate "2018.10.12"]
[EventType "team-tourn"]
[EventCountry "GRE"]
[SourceTitle "playchess.com"]
[Source "ChessBase"]
[SourceQuality "1"]
[WhiteTeam "St.Petersburg"]
[BlackTeam "Nordstrand"]

1. d4 Nf6 2. Nf3 e6 3. c4 d5 4. Nc3 Bb4 5. Qa4+ Nc6 6. e3 O-O 7. Qc2 dxc4 8. Bxc4 Na5 9. Bd3 c5 10. dxc5 Bxc5 11. O-O Nc6 12. a3 Be7 13. b4 a6 14. Bb2 Bd7 15. Rfd1 Rc8 16. Rac1 b5 17. Qb1 h6 18. Ne4 Nd5 19. Qa1 f5 20. Ng3 g6 21. e4 Nb6 22. Bc2 Kh7 23. Bb3 Qe8 24. exf5 gxf5 25. Re1 Qg6 26. Rxc6 Rxc6 27. Ne5 Qg5 28. Nxc6 Bxc6 29. Rxe6 Bd5 30. Bc1 Qh4 31. Bxd5 1-0

[Event "34th European Club Cup 2018"]
[Site "Halkidiki"]
[Date "2018.10.17"]
[Round "6"]
[White "Sasikiran, Krishnan"]
[Black "Vocaturo, Daniele"]
[Result "0-1"]
[WhiteElo "2672"]
[BlackElo "2615"]
[Annotator "TA"]
[PlyCount "94"]
[EventDate "2018.10.12"]
[EventType "team-tourn"]
[EventCountry "GRE"]
[SourceTitle "playchess.com"]
[Source "ChessBase"]
[SourceQuality "1"]
[WhiteTeam "Novy Bor"]
[BlackTeam "Padova"]

1. e4 c5 2. Nf3 e6 3. d4 cxd4 4. Nxd4 Nf6 5. Nc3 Nc6 6. a3 Be7 7. Bf4 O-O 8. Nxc6 bxc6 9. Bd3 d5 10. O-O Nd7 11. Re1 d4 12. Nb1 e5 13. Bg3 Bh4 14. Nd2 Bxg3 15. hxg3 Qe7 16. Nc4 Nb6 17. Na5 c5 18. b3 Be6 19. c4 dxc3 20. Qc2 c4 21. Bxc4 Nxc4 22. Nxc4 Bxc4 23. bxc4 Rac8 24. Qxc3 Rc5 25. Rac1 Rfc8 26. Red1 h6 27. Rd5 Rxc4 28. Qxc4 Rxc4 29. Rxc4 Qxa3 30. Rc8+ Kh7 31. Rc7 Qb4 32. Rxf7 Qxe4 33. Rdd7 Qb1+ 34. Kh2 Qg6 35. f3 a5 36. Ra7 Qh5+ 37. Kg1 Qg6 38. Kf2 a4 39. Rxg7+ Qxg7 40. Rxa4 h5 41. g4 h4 42. Kg1 Qd7 43. Re4 Qd2 44. Kf1 Qc1+ 45. Re1 Qf4 46. Re4 Qg3 47. g5 h3 0-1

[Event "34th European Club Cup 2018"]
[Site "Halkidiki"]
[Date "2018.10.17"]
[Round "6"]
[White "Guseinov, Gadir"]
[Black "Varga, Zoltan"]
[Result "1-0"]
[WhiteElo "2667"]
[BlackElo "2448"]
[Annotator "TA"]
[PlyCount "89"]
[EventDate "2018.10.12"]
[EventType "team-tourn"]
[EventCountry "GRE"]
[SourceTitle "playchess.com"]
[Source "ChessBase"]
[SourceQuality "1"]
[WhiteTeam "Odlar Yurdu"]
[BlackTeam "Dunajska Streda"]

1. e4 Nf6 2. e5 Nd5 3. d4 d6 4. exd6 cxd6 5. c4 Nf6 6. Nc3 d5 7. Nf3 e6 8. cxd5 Nxd5 9. Bd3 Be7 10. O-O Nc6 11. Re1 O-O 12. a3 Nxc3 13. bxc3 b6 14. h4 Bb7 15. Ng5 Bxg5 16. Bxg5 Qd5 17. Qg4 Kh8 18. Rab1 Na5 19. Be7 Rfe8 20. Rb5 Qxg2+ 21. Qxg2 Bxg2 22. Bb4 Bc6 23. Bxa5 Bxb5 24. Bxb5 Rec8 25. Bb4 a5 26. Bd6 Rxc3 27. a4 Rd8 28. Be5 Rd5 29. Bf1 Ra3 30. Bg2 Rd8 31. Bc6 Kg8 32. d5 exd5 33. Bc7 Rf8 34. Bxb6 h5 35. Bc5 Rc8 36. Bxa3 Rxc6 37. Re8+ Kh7 38. Ra8 Rc3 39. Be7 Rc7 40. Bd8 Rc4 41. Rxa5 f6 42. Ra7 Kg6 43. a5 Rg4+ 44. Kf1 Rxh4 45. Rd7 1-0

[Event "34th European Club Cup 2018"]
[Site "Halkidiki"]
[Date "2018.10.17"]
[Round "6"]
[White "Edouard, Romain"]
[Black "Admiraal, Miguoel"]
[Result "0-1"]
[WhiteElo "2646"]
[BlackElo "2491"]
[Annotator "TA"]
[PlyCount "116"]
[EventDate "2018.10.12"]
[EventType "team-tourn"]
[EventCountry "GRE"]
[SourceTitle "playchess.com"]
[Source "ChessBase"]
[SourceQuality "1"]
[WhiteTeam "KGSRL"]
[BlackTeam "Deloitte"]

1. c4 e5 2. g3 Nf6 3. Bg2 Bc5 4. d3 Nc6 5. Nf3 d6 6. Nc3 h6 7. a3 a6 8. b4 Ba7 9. Bb2 O-O 10. e3 Be6 11. O-O Qd7 12. Re1 Bh3 13. Bh1 Rae8 14. Qc2 Ng4 15. Bg2 Bxg2 16. Kxg2 f5 17. h3 Nf6 18. Nd5 Nxd5 19. cxd5 Ne7 20. Qb3 Qb5 21. e4 fxe4 22. dxe4 Rxf3 23. Qxf3 Rf8 24. Qe2 Rxf2+ 25. Qxf2 Bxf2 26. Kxf2 Kh7 27. Re2 Ng8 28. Rae1 Nf6 29. Bc1 a5 30. bxa5 Qxa5 31. Kg2 Qa4 32. Re3 Qc2+ 33. R3e2 Qb3 34. Re3 Qc2+ 35. R3e2 Qa4 36. Re3 c6 37. dxc6 bxc6 38. R1e2 Nd7 39. Bb2 Nb6 40. Rf3 Nc4 41. Bc3 Qd1 42. Kf2 Qa4 43. Ba1 Qa6 44. Kg2 d5 45. exd5 cxd5 46. Bxe5 Qe6 47. Rd3 d4 48. Rxd4 Nxe5 49. Rde4 Qd5 50. g4 Nc4 51. Kg3 Nxa3 52. h4 Nc4 53. g5 hxg5 54. hxg5 Qxg5+ 55. Rg4 Qd5 56. Kh2 Ne3 57. Rh4+ Kg8 58. Rh3 Ng4+ 0-1